| 000 | 01765nam a22002777a 4500 | ||
|---|---|---|---|
| 999 |
_c22010 _d22010 |
||
| 003 | AR-CdUCM | ||
| 008 | 190425b ||||| |||| 00| 0 spa d | ||
| 040 |
_aMUNICIPALIDAD PROVINCIAL DEL CUSCO _cBIBLIOTECA MUNICIPAL DEL CUSCO |
||
| 082 | _aSemanaCuzco/N°3/1952 | ||
| 245 |
_aSemana del Cuzco : _bCita continental en la capital arqueológica de América del 24 de junio al 1 de julio / _cDirector Humberto Vidal |
||
| 260 |
_aCusco. _bLa Económica, _c1952. |
||
| 300 |
_a126 páginas. : _bilustraciones ; _c21 cm. |
||
| 440 |
_aSemana del Cuzco. _nN°3, 1952 _947144 |
||
| 505 | _aContenido: Saludo a la madre en el tono de la esperanza. -- La lección de un gran poeta. Eustaquio Kallata. -- Fruslerías. Gustavo Pérez Ocampo. -- Vengo de lejos. Marga Elena. -- Las ruinas de Willkaswaman. Manuel Chávez Ballón. -- La vida y muerte en Chinchero. Oscar Núñez del Prado. -- Apuntes sobre Judas. Efraín Morote Best. -- La improductividad artística contemporánea en el Cuzco. Emilio Mendizábal Losack. -- El progreso musical en el Cuzco. Miguel Ángel Nieto. -- Lorenzo Pumayalli. Rubén Sueldo Guevara. -- Los terremotos. Carlos Kalafatovich. -- Breve interpretación del poblador andino. Mijaíl Sumar Pacha. -- La ciudad lejana. Mario Escobar Moscoso. -- La oración del Coricancha. Fidel Zarate. -- A esta tierra y vosotros. Marela Lauzán. | ||
| 650 |
_aFiestas del Cusco _913258 |
||
| 650 |
_aDia del Cusco _947137 |
||
| 650 |
_aSemana del Cusco _947138 |
||
| 650 |
_aCusqueñismo _92721 |
||
| 650 |
_aPoesía cusqueña _92323 |
||
| 700 |
_aKallata, Eustaquio _947145 |
||
| 700 |
_aChávez Ballón, Manuel _945977 |
||
| 700 |
_aNúñez del Prado, Oscar _95531 |
||
| 700 |
_aPérez Ocampo, Gustavo _947147 |
||
| 942 |
_2ddc _cPP |
||
| 945 | _ar.l.h.i | ||